000 00867nam a22002897a 4500
003 CHAP
005 20220329140131.0
008 971013s1963 r 00010 d
010 _a47463
011 _a48435
035 _a52581
040 _cCHAP
082 _a574
_bV35
100 0 0 _aVan Norman, Richard W.
_9117788
245 _aExperimental biology
260 _aEnglewood Cliffs :
_bPrentice-Hall,
_c1963
300 _a243 p.
_b: ilus.
590 _aBATCH-UPD
_b10
_c20130110
_lUCH01
_h0121
590 _aBATCH-UPD
_b10
_c20130110
_lUCH01
_h2205
590 _aBATCH-UPD
_b10
_c20130409
_lUCH01
_h2114
590 _aBATCH-UPD
_b10
_c20130914
_lUCH01
_h0635
590 _aCONVERSION
_b10
_c20130109
_lUCH01
_h1326
650 1 4 _aBiologĂ­a experimental.
_912812
901 _aBK
942 _cLIBRO
949 _a574 V35
_bBC
_cLIBRO
_d33724000459095
_eLIBRO
_h8043
_i52581
_si
999 _c47463
_d47463